Teoría de la economía estática (Registro nro. 4625)

Detalles MARC
000 -LEADER
fixed length control field 01089 a2200253 4500
001 - CONTROL NUMBER
control field 48557
005 - DATE AND TIME OF LATEST TRANSACTION
control field 20260407155750.0
008 - FIXED-LENGTH DATA ELEMENTS--GENERAL INFORMATION
fixed length control field 260407a1974 arg spa d
003 - CONTROL NUMBER IDENTIFIER
control field AR-UNSa-BCEJYS
040 ## - CATALOGING SOURCE
Original cataloging agency AR-UNSa-BCEJYS
Language of cataloging spa
Transcribing agency AR-UNSa-BCEJYS
080 ## - UNIVERSAL DECIMAL CLASSIFICATION NUMBER
Universal Decimal Classification number 330
Common auxiliary subdivision Economía en general
020 ## - INTERNATIONAL STANDARD BOOK NUMBER
International Standard Book Number 0-13-906610-1
100 1# - MAIN ENTRY--PERSONAL NAME
Personal name Brennan, Michel J.
245 10 - TITLE STATEMENT
Title Teoría de la economía estática
264 #1 - PRODUCTION, PUBLICATION, DISTRIBUTION, MANUFACTURE, AND COPYRIGHT NOTICE
Place of production, publication, distribution, manufacture New Jersey :
Name of producer, publisher, distributor, manufacturer Prentice/Hall Internacional
Date of production, publication, distribution, manufacture, or copyright notice 1974
300 ## - PHYSICAL DESCRIPTION
Extent 460 p.
Dimensions 24 cm.
505 ## - FORMATTED CONTENTS NOTE
Formatted contents note 1. Introducción - 2. Teoría de la demanda - 3. Teoría de la producción y el costo - 4. Determinación del precio de los productos: Competencia pura - 5. Determinación del precio de los productos: El monopolio y competencia imperfecta - 6. Determinación de los precios de los recursos productivos y distribución del ingreso - 7. Economía normativa.
590 ## - LOCAL NOTE (RLIN)
Local note niveau_biblio:m niveau_hierar:0
700 1# - ADDED ENTRY--PERSONAL NAME
Personal name Reig Garcia, Víctor
700 1# - ADDED ENTRY--PERSONAL NAME
Personal name Palmieri, Horacio
700 1# - ADDED ENTRY--PERSONAL NAME
Personal name Dávila L. de Guevara, Alvaro
700 1# - ADDED ENTRY--PERSONAL NAME
Personal name Maldonado Santa Cruz, Guillermo
942 ## - ADDED ENTRY ELEMENTS (KOHA)
Koha item type
Existencias
Withdrawn status Lost status Damaged status Not for loan Home library Current library Shelving location Date acquired Total checkouts Full call number Barcode Date last seen Price effective from Koha item type
        Biblioteca Prof. Eusebio Cleto del Rey Biblioteca Prof. Eusebio Cleto del Rey   07/04/2026   330 B838 L25852 07/04/2026 07/04/2026 Libro
        Biblioteca Prof. Eusebio Cleto del Rey Biblioteca Prof. Eusebio Cleto del Rey   07/04/2026   330 B838 L25853 07/04/2026 07/04/2026 Libro